statistieken voor Europese Hoofdsteden op een Kaart

Klik hier om de quiz te nemen!

Generale statistieken

  • Deze quiz is al 83 keer genomen
  • De gemiddelde score is 38 of 44

Antwoord statistieken

Answer % Correct
Reykjavik
96%
Dublin
95%
Londen
95%
Luxemburg
93%
Athene
93%
Lissabon
93%
Amsterdam
93%
Rome | Vaticaanstad
93%
Parijs
93%
Monaco
93%
Madrid
93%
Brussel
91%
San Marino
91%
Stockholm
91%
Berlijn
91%
Warschau
91%
Andorra la Vella
89%
Helsinki
89%
Kopenhagen
89%
Moskou
89%
Oslo
88%
Bern
86%
Wenen
86%
Zagreb
86%
Boekarest
84%
Boedapest
84%
Kiev
84%
Minsk
84%
Ljubljana
82%
Praag
82%
Riga
81%
Belgrado
79%
Sofia
79%
Tallinn
79%
Valletta
79%
Tirana
77%
Vilnius
77%
Chisinau
77%
Skopje
77%
Bratislava
75%
Podgorica
74%
Sarajevo
74%
Vaduz
72%
Pristina
70%

Score Distributie

Percentiel op hoeveel beantwoord

Procent van mensen met elke score

Uw Scoregeschiedenis

U hebt deze quiz nog niet genomen